000 00443nam a2200181Ia 4500
999 _c31780
_d31780
003 OSt
005 20250522120511.0
008 250310s9999||||xx |||||||||||||| ||und||
020 _a0-09-942152-6
040 _c.
082 _a823.914
_bH3411
100 _95889
_aHarvey, John
245 0 _aLonely Hearts /
_cJohn Harvey
260 _aLondon :
_bArrow books,
_c2002.
300 _a358 p.
650 0 _92474
_aEnglish fiction
942 _cBK
_2ddc